| Tag |
First Indicator |
Second Indicator |
Subfields |
| LEADER |
00000cam a2200000 4500 |
| 001 |
in00000065417 |
| 005 |
20151008051835.0 |
| 008 |
770701s1939 nyu 00000 eng |
| 010 |
|
|
|a 39025263
|
| 035 |
|
|
|a (OCoLC)03087744
|
| 035 |
|
|
|9 AAH0303AM
|
| 040 |
|
|
|a DLC
|c OCP
|d TXA
|d UtOrBLW
|
| 049 |
|
|
|a TXAM
|c [117831]
|
| 050 |
|
0 |
|a HG181
|b .G35
|
| 082 |
0 |
|
|a 332.0973
|
| 092 |
|
|
|a 332.0973
|b G211f
|
| 100 |
1 |
|
|a Gantenbein, James W.
|q (James Watson),
|d 1900-1960.
|
| 245 |
1 |
0 |
|a Financial questions in United States foreign policy /
|c by James W. Gantenbein.
|
| 264 |
|
1 |
|a New York :
|b Columbia university press,
|c 1939.
|
| 300 |
|
|
|a xiv pages, 2 ., [3]-264 pages ;
|c 24 cm.
|
| 336 |
|
|
|a text
|b txt
|2 rdacontent
|
| 337 |
|
|
|a unmediated
|b n
|2 rdamedia
|
| 338 |
|
|
|a volume
|b nc
|2 rdacarrier
|
| 650 |
|
0 |
|a Finance
|z United States.
|
| 650 |
|
0 |
|a Debts, Public.
|
| 650 |
|
0 |
|a Foreign exchange.
|
| 651 |
|
0 |
|a United States
|x Foreign relations
|y 20th century.
|
| 999 |
|
|
|a MARS
|
| 999 |
f |
f |
|s 21bac6d6-4de7-3761-8d8f-4ac6fdda7a88
|i bd0f94f1-0149-3ede-bd3d-d3def8fe2211
|t 0
|
| 952 |
f |
f |
|p ric
|a Texas A&M University
|b Rellis Campus
|c Joint Library Facility
|d Remote Storage
|t 0
|e HG181 .G35
|h Library of Congress classification
|i unmediated -- volume
|m A14800727895
|
| 998 |
f |
f |
|a HG181 .G35
|t 0
|l Remote Storage
|